Statistics for Country by letter #5: All countries starting with the letter E

Click here to take the quiz!

General Stats

  • This quiz has been taken 29 times
  • The average score is 7 of 9

Answer Stats

HintAnswer% Correct
AsiaEast Timor
93%
South AmericaEcuador
93%
AfricaEritrea
85%
EuropeEstonia
85%
AfricaEswatini
81%
AfricaEthiopia
81%
AfricaEgypt
78%
North AmericaEl Salvador
78%
AfricaEquatorial Guinea
63%

Score Distribution

Percentile by Number Answered

Percent of People with Each Score

Your Score History

You have not taken this quiz